| 000 | 00447nam a2200169 a 4500 | ||
|---|---|---|---|
| 001 | 0000-9140 | ||
| 003 | ELIB.Books | ||
| 008 | 110520 1974 | ||
| 035 | _a(ELIB.Books)0000-9292 | ||
| 082 |
_aR _bUng |
||
| 100 | _aUnger, Merrillf F. | ||
| 245 | _aUnger's Survey of the Bible | ||
| 260 |
_bOregon: Harvest House Publishers _c1974 |
||
| 650 | _aReference | ||
| 942 |
_2ddc _cBK |
||
| 998 |
_cbat _e2011-05-20 _mcat _u2019-06-03 |
||
| 999 |
_c9140 _d9140 |
||